非常气候求生记. 2 (Record no. 66828)

000 -LEADER
fixed length control field 00630nam a22002057a 4500
003 - CONTROL NUMBER IDENTIFIER
control field MPLRDC
005 - DATE AND TIME OF LATEST TRANSACTION
control field 20220104200726.0
008 - FIXED-LENGTH DATA ELEMENTS--GENERAL INFORMATION
fixed length control field 210129b ||||| |||| 00| 0 eng d
020 ## - INTERNATIONAL STANDARD BOOK NUMBER
International Standard Book Number 978-7-5391-8742-6
082 ## - DEWEY DECIMAL CLASSIFICATION NUMBER
Classification number 859.9 JJSC v.24
100 ## - MAIN ENTRY--PERSONAL NAME
Personal name 小熊工作室 GOMDORI CO. 文
245 ## - TITLE STATEMENT
Title 非常气候求生记. 2
Statement of responsibility, etc. 苟振红 译; 韩贤东 HAN HYUN-DONG 图
250 ## - EDITION STATEMENT
Edition statement 二版17刷
260 ## - PUBLICATION, DISTRIBUTION, ETC.
Place of publication, distribution, etc. 中国
Name of publisher, distributor, etc. 二十一世纪出版社
Date of publication, distribution, etc. 2016
300 ## - PHYSICAL DESCRIPTION
Other physical details
490 ## - SERIES STATEMENT
Series statement 我的第一本科学漫画书: 绝境生存系列
520 ## - SUMMARY, ETC.
Summary, etc. 上架 2017-04-01。
650 ## - SUBJECT ADDED ENTRY--TOPICAL TERM
Topical term or geographic name entry element 儿童图画书
942 ## - ADDED ENTRY ELEMENTS (KOHA)
Koha item type Book
-- 859.9 JJSC v.24
Holdings
Withdrawn status Lost status Source of classification or shelving scheme Damaged status Not for loan Collection code Home library Current library Shelving location Date acquired Cost, normal purchase price Total Checkouts Full call number Barcode Date last seen Date last checked out Price effective from Koha item type Public note
            Malaysian Public Library, Research and Development Centre Malaysian Public Library, Research and Development Centre   17/11/2016 30.00   859.9 JJSC v.24 00060440 18/03/2021 05/01/2019 18/03/2021 Book mplrdc

© 2022. Malaysian Public Library, Research and Development Centre. All Right ReservedE-mailmplrdc@help.edu.my 

Powered by Koha